Cómo hablar con los adolescentes y cómo entenderlos si eres mujer (Record no. 174512)
[ view plain ]
| 000 -CABECERA | |
|---|---|
| campo de control de longitud fija | 01022nab a2200241 a 4500 |
| 005 - FECHA Y HORA DE LA ÚLTIMA TRANSACCIÓN | |
| campo de control | 20210219162343.0 |
| 008 - ELEMENTOS DE LONGITUD FIJA--INFORMACIÓN GENERAL | |
| campo de control de longitud fija | 991125s1985 mx 000 0 spa u |
| 035 ## - NÚMERO DE CONTROL DEL SISTEMA | |
| Número de control de sistema | UPN01000202411 |
| 049 ## - COLECCIÓN | |
| Colección | ART |
| 100 1# - ASIENTO PRINCIPAL--NOMBRE PERSONAL | |
| Nombre de persona | Alvarez Carril, Elcida Lina |
| 100 1# - ASIENTO PRINCIPAL--NOMBRE PERSONAL | |
| Filiación | elcidaalvarez53@gmail.com |
| 222 #0 - TÍTULO CLAVE | |
| Título clave | EDUCACION DE ADULTOS Y DESARROLLO |
| 245 00 - MENCIÓN DE TÍTULO | |
| Título | Cómo hablar con los adolescentes y cómo entenderlos si eres mujer |
| 260 ## - PUBLICACIÓN, DISTRIBUCIÓN, ETC. | |
| Lugar de publicación, distribución, etc. | Bonn, Alemania |
| 300 ## - DESCRIPCIÓN FÍSICA | |
| Extensión | 38-40 |
| 362 0# - FECHAS DE PUBLICACIÓN Y/O DESIGNACIÓN SECUENCIAL | |
| Fecha de publicación y/o designación secuencial | 2014 Número 81 |
| 520 ## - NOTA DE RESUMEN, ETC. | |
| Sumario, etc. | En este artículo se abordan las necesidades, creencias y opiniones de las mujeres que realizan proyectos con adolescentes. Se describe la forma cómo se relacionan con este grupo etario y el tipo de formación que necesitan. Punto de partida son las mujeres gestoras comunitarias |
| 653 0# - TERMINO DE INDIZACION - NO CONTROLADO | |
| Término no controlado | MUJERES |
| 653 0# - TERMINO DE INDIZACION - NO CONTROLADO | |
| Término no controlado | ADOLESCENTES |
| 653 0# - TERMINO DE INDIZACION - NO CONTROLADO | |
| Término no controlado | GESTORAS COMUNITARIAS |
| 856 4# - LOCALIZACIÓN Y ACCESO ELECTRÓNICOS | |
| Identificador Uniforme del Recurso | <a href="http://www.iiz-dvv.de/files/dvv_international-educaci__n_de_adultos_y_desarrollo-communidades.pdf">http://www.iiz-dvv.de/files/dvv_international-educaci__n_de_adultos_y_desarrollo-communidades.pdf</a> |
| 905 ## - TIPO DE MATERIAL | |
| Tipo de material | Articulo |
No items available.
